|
|
|
|
| LEADER |
00000nam0a2200000 4500 |
| 001 |
332797 |
| 005 |
20231102004506.0 |
| 010 |
|
|
|a 9785160125602
|
| 035 |
|
|
|a (RuTPU)RU\TPU\book\358770
|
| 090 |
|
|
|a 332797
|
| 100 |
|
|
|a 20170531d2019 m y0rusy50 ca
|
| 101 |
0 |
|
|a rus
|
| 102 |
|
|
|a RU
|
| 105 |
|
|
|a y j 001zy
|
| 200 |
1 |
|
|a Арт-менеджмент
|e учебник
|f Е. Ф. Командышко
|
| 210 |
|
|
|a Москва
|c Инфра-М
|d 2019
|
| 215 |
|
|
|a 194 с.
|
| 225 |
1 |
|
|a Высшее образование - Бакалавриат
|
| 320 |
|
|
|a Библиогр.: с. 176
|
| 320 |
|
|
|a Глоссарий: с. 181-190
|
| 330 |
|
|
|a В данном учебнике рассматриваются основные вопросы учебной дисциплины "Арт-менеджмент", раскрывающие сущность, специфику, особенности и проблемы развития арт-менеджмента на современном этапе. Особое внимание уделено специфике функций искусства и функций менеджмента, а также влиянию современных тенденций развития арт-индустрии на содержание профессиональной деятельности арт-менеджера. втор раскрывает теоретические основы управления (менеджмента) и акцентирует внимание на важных аспектах профессиональной деятельности, в процессе которой ценности культуры и искусства обусловливают формирование качественно нового художественно-творческого продукта.
|
| 606 |
1 |
|
|a Социально-культурная сфера
|x Маркетинг
|x Экономика
|2 stltpush
|3 (RuTPU)RU\TPU\subj\69868
|9 84543
|
| 610 |
1 |
|
|a управление
|
| 610 |
1 |
|
|a арт-менеджмент
|
| 610 |
1 |
|
|a социально-культурная деятельность
|
| 610 |
1 |
|
|a искусство
|
| 610 |
1 |
|
|a арт-индустрия
|
| 610 |
1 |
|
|a рыночные отношения
|
| 610 |
1 |
|
|a организационные процессы
|
| 610 |
1 |
|
|a культура
|
| 610 |
1 |
|
|a финансирование
|
| 610 |
1 |
|
|a культурная политика
|
| 610 |
1 |
|
|a лидерские качества
|
| 610 |
1 |
|
|a профессиональные обязанности
|
| 610 |
1 |
|
|a маркетинг
|
| 610 |
1 |
|
|a учебники
|
| 686 |
|
|
|a У9(2)49я73
|v LBC/SL-A
|2 rubbk
|
| 700 |
|
1 |
|a Командышко
|b Е. Ф.
|g Елена Филипповна
|
| 801 |
|
1 |
|a RU
|b 63413507
|c 20170531
|
| 801 |
|
2 |
|a RU
|b 63413507
|c 20190614
|g RCR
|
| 942 |
|
|
|c BK
|
| 959 |
|
|
|a 1/20170109
|d 1
|e 470,00
|f ЧЗГЛ:1
|